000
00247 a2200097 4500
001
48418
100
_a
Baker, R.J.S
245
_a
Administrative theory and public administration
260
_a
London
_b
Hutchinson univ lib
_c
090
_c
31356
_d
31356
942
_a
NUST-CAE
_c
M
_c
23732
999
_c
283491
_d
283491